Trópico de Cáncer / (Registro nro. 10721)

Detalles MARC
000 -LIDER
fixed length control field 01086nam a22003137a 4500
001 - NÚMERO DE CONTROL
Identificador de número de control 000366
003 - IDENTIFICACDOR DE NÚMERO DE CONTROL
control field DO-SdBNP
005 - DATE AND TIME OF LATEST TRANSACTION
control field 20171113105322.0
007 - CAMPOS FIJOS DE DESCRIPCIÓN FÍSICA
fixed length control field 000366
008 - ELEMENTOS DE LONGITUD FIJA
fixed length control field 160706b 2010 mx ||||| |||| 00| 0 spa d
020 ## - ISBN
International Standard Book Number 9786071107398
040 ## - FUENTE DE CATALOGACIÓN
Agencia que crea de manera original el registro BPMSU
Idioma de catalogación spa
Agencia que realiza la transcripción BPMSU
082 #4 - NÚMERO DE CLASIFICACIÓN DECIMAL DE DEWEY
Classification number 813.5
Item number M647t
100 1# - ASIENTO PRINCIPAL -- NOMBRE PERSONAL
Nombre personal Miller, Henry,
Títulos u otras palabras asociadas con el nombre 1891-1980.
240 10 - TITULO UNIFORME
Título uniforme Tropic of Cancer.
Idioma de una obra Español
245 10 - MENCIÓN DE TITULO
Título Trópico de Cáncer /
Mención de responsabilidad Henry Miller ; traducción revisada por Carlos Manzano.
260 0# - PUBLICACIÓN, DISTRIBUCIÓN, ETC. (PIE DE IMPRENTA)
Lugar de publicación, distribución, etc México, D.F. :
Nombre del editor, distribuidor, etc. Punto de lectura : Santillana,
Fecha de publicación, distribución, etc 2010.
Fecha de impresión (Primera reimpresión 2011)
300 ## - DESCRIPCIÓN FÍSICA
Extensión 373 p. ;
Dimensiones 19 cm.
490 1# - MENCIÓN DE SERIES
Mención de serie Punto de lectura. Narrativa
Volume/sequential designation 182/1.
500 ## - NOTA GENERAL
Nota general La biblioteca posee la primera reimpresión: enero de 2011.
650 #4 - ENCABEZAMIENTO DE MATERIA--TEMÁTICO
Término temático o nombre geográfico como elemento de entrada NOVELA ESTADOUNIDENSE
650 #4 - ENCABEZAMIENTO DE MATERIA--TEMÁTICO
Término temático o nombre geográfico como elemento de entrada LITERATURA ESTADOUNIDENSE
700 12 - ASIENTO SECUNDARIO -- NOMBRE PERSONAL
Nombre personal Manzano, Carlos,
Mención de responsabilidad tr.
830 #0 - ASIENTO SECUNDARIO DE SERIE--TÍTULO UNIFORME
Nombre de la parte o sección de una obra Punto de lectura. Narrativa ;
Número de la parte o sección de una obra 182/1
910 ## - VALIDACIÓN
Validación Validado.Control de calidad MFF
942 ## - ADDED ENTRY ELEMENTS (KOHA)
Source of classification or shelving scheme Dewey Decimal Classification
Koha item type Libros
945 ## - INFORMACIÓN DE PROCESAMIENTO LOCAL
Información de procesamiento local Inventariado extranjero / 2017 VM
956 ## - LOCAL ELECTRONIC LOCATION AND ACCESS (OCLC)
Método de acceso LOPEREZ
Materiales especificados 10
Enlace 20160706
Campo enlazado y núm. de secuencia BPMSU
Nombre de host 00041
Existencias
Withdrawn status Lost status Source of classification or shelving scheme Damaged status Not for loan Collection code Home library Current library Date acquired Source of acquisition Total Checkouts Full call number Barcode Date last seen Price effective from Koha item type Copy number
    Dewey Decimal Classification     Colección General Biblioteca Pública Metropolitana Salomé Ureña Biblioteca Pública Metropolitana Salomé Ureña 07/06/2016 Alfaguara   813.5 M647t BPMSU16070150 07/06/2016 07/06/2016 Libros  
    Dewey Decimal Classification     Colección General Biblioteca Pública Metropolitana Salomé Ureña Biblioteca Pública Metropolitana Salomé Ureña 07/06/2016 Alfaguara   813.5 M647t BPMSU16070152 07/06/2016 07/06/2016 Libros e. 2
    Dewey Decimal Classification     Colección General Biblioteca Pública Metropolitana Salomé Ureña Biblioteca Pública Metropolitana Salomé Ureña 07/06/2016 Alfaguara   813.5 M647t BPMSU16070153 07/06/2016 07/06/2016 Libros e. 3